History Quiz

Random History or Nation Quiz

Sultans of the Ottoman Empire Quiz Stats

 Plays Quiz Updated Feb 28, 2020

Support Sporcle.
Go Orange.
Score 0/39 Timer 10:00
4 Plays Today
Reigned Sultan % Correct
1413-1421Mehmed I the Gentleman
86.6%
1444-1446Mehmed II the Conquerer
86.1%
1451-1481Mehmed II the Conquerer
86.1%
1520-1566Suleiman I the Magnificent, the Lawgiver
85.5%
1595-1603Mehmed III
83%
1687-1691Suleiman II
82.1%
1648-1687Mehmed IV the Hunter
81.9%
1909-1918Mehmed V Reşad
81%
1299-1326Osman I
77.2%
1618-1622Osman II the Young
74%
1918-1922Mehmed VI Vahideddin
72.1%
1754-1757Osman III
70.2%
1512-1520Selim I the Grim, the Brave
61.4%
1566-1574Selim II the Sot
60.7%
1359-1389Murad I the God-like One
60.4%
1421-1444Murad II
59.8%
1446-1451Murad II
59.8%
1574-1595Murad III
58.6%
1789-1807Selim III
58.2%
1603-1617Ahmed I
58.1%
Reigned Sultan % Correct
1623-1640Murad IV
57.8%
1389-1402Bayezid I the Thunderbolt
57.3%
1691-1695Ahmed II
57%
1481-1512Bayezid II
56.4%
1876Murad V
56.2%
1617-1618Mustafa I
55.1%
1622-1623Mustafa I
55.1%
1703-1730Ahmed III
54.3%
1695-1703Mustafa II
54.1%
1757-1774Mustafa III
53%
1807-1808Mustafa IV
51.8%
1326-1359Orhan I
50.9%
1774-1789Abdul Hamid I
48.8%
1876-1909Abdul Hamid II the Great Khan, the Damned, the Great Assasin
48%
1640-1648Ibrahim I the Mad
44.4%
1730-1754Mahmud I
43.3%
1808-1839Mahmud II
42.5%
1861-1876Abdülaziz
42.2%
1839-1861Abdülmecid I
40.5%

From the Vault

'Old Town Road' Lyrics

by erg1028

Music 10m
When the town gets abandoned, does it become a Ghost Town Road?
Remove Ads.
Support Sporcle.
Get the best of Sporcle when you Go Orange. This ad-free experience offers more features, more stats, and more fun while also helping to support Sporcle. Thank you for becoming a member.

Show Comments

Extras

Top Quizzes Today


Score Distribution

Your Account Isn't Verified!

In order to create a playlist on Sporcle, you need to verify the email address you used during registration. Go to your Sporcle Settings to finish the process.

Report this User

Report this user for behavior that violates our Community Guidelines.

Details: